00439nam a2200181 a 4500001001300000003000900013005001700022008004100039020001000080082001800090100001600108245002000124260003200144300000900176500003500185650002100220700001600241nice12345678IN_TiNIC20260116011622.0050524s1913 dela grp 000 0 ara  ac10000a297.1246bIBN aIbn Majah,  aSunan Ibn Majah aDelhibMujtabai Pressc1913 a332p aincludes index and biblioraphy aHadith-Ibn Majah1 aIbn Majah,